| 000 | 00351nam a2200145Ia 4500 | ||
|---|---|---|---|
| 008 | 150201s1994 xx 000 0 und d | ||
| 082 |
_a617 _bO1994P |
||
| 100 | _aPETER,MORRIS | ||
| 245 | _aOXFORD TEXTBOOK OF SURGERY | ||
| 250 | _a1ST | ||
| 260 |
_bOXFORD UNIVERSITY PRESS _aLONDON _c1994 |
||
| 300 | _a1-1418 | ||
| 650 | _aSURGERY | ||
| 942 |
_2ddc _cBK |
||
| 999 |
_c3082 _d3082 |
||